Public private partnership in infrastructure / (Record no. 93969)

MARC details
000 -LEADER
fixed length control field 00603nam a22001937a 4500
005 - DATE AND TIME OF LATEST TRANSACTION
control field 20150806120600.0
010 ## - LCCN (DPL NO)
LC control number ENG-113177
020 ## - INTERNATIONAL STANDARD BOOK NUMBER
Terms of availability 995.00
International Standard Book Number 9788189766207
020 ## - INTERNATIONAL STANDARD BOOK NUMBER
Terms of availability 995.00
International Standard Book Number 8189766236
035 ## - SYSTEM CONTROL NUMBER
System control number EN-96709
037 ## - SOURCE OF ACQUISITION
Source of stock number/acquisition DBAD/PUB
082 ## - DEWEY DECIMAL CLASSIFICATION NUMBER
Classification number 334.091724
100 ## - MAIN ENTRY--PERSONAL NAME
Personal name Sharma, Yogendra
245 ## - TITLE STATEMENT
Title Public private partnership in infrastructure /
Statement of responsibility, etc by Yogendra sharma
260 ## - PUBLICATION, DISTRIBUTION, ETC. (IMPRINT)
Name of publisher, distributor, etc Vitasta Publishing
Date of publication, distribution, etc 2015
Place of publication, distribution, etc New Delhi
270 ## - ADDRESS
City New Delhi
Postal code 110002
Address 2/15, First Floor, Ansari Road, DaryaGanj,
300 ## - PHYSICAL DESCRIPTION
Extent 233p.
Dimensions 24cm(Hb)
942 ## - ADDED ENTRY ELEMENTS (KOHA)
Source of classification or shelving scheme Dewey Decimal Classification
Item type English Books
Call number suffix SHA
Classification part 334.091724
Holdings
Withdrawn status Lost status Not for loan Collection code Home library Current library Date acquired Source of acquisition Cost, normal purchase price Full call number Barcode Copy number Cost, replacement price Koha item type
      Non-fiction Patel Nagar Patel Nagar 27/05/2015 DBAD/PUB 995.00 334.091724 SHA EN-96709 1 995.00 English Books

© Delhi Public Library
Hit Counter
free hit counter